| 000 | 00537nam a2200205Ia 4500 | ||
|---|---|---|---|
| 003 | IN-BaIIA | ||
| 008 | 211028s9999 xx 000 0 eng d | ||
| 040 | _cIIA Library | ||
| 080 |
_a530.1 _bBRA |
||
| 100 |
_aBraddick, H. J. J _91953 |
||
| 245 | 4 |
_aThe Physics of experimental method _cH. J. J. Braddick |
|
| 250 | _a2nd ed. | ||
| 260 |
_aLondon _bChapman and Hall _c1966 |
||
| 300 | _axxiii, 480p. | ||
| 490 | _aScience paperbacks | ||
| 650 | _aApplied Physics | ||
| 650 | _aNASA Thesaurus | ||
| 650 |
_aPhysics _973 |
||
| 942 | _cBK | ||
| 999 |
_c4190 _d4190 |
||